| 000 | 00473nam a2200145Ia 4500 | ||
|---|---|---|---|
| 008 | 191206s9999 xx 000 0 und d | ||
| 020 | _a0864862997 (pbk.) | ||
| 090 | _aPR6076W45R62 | ||
| 245 | 0 | _a"Island: a history of Robben Island, 1488-1990" | |
| 260 | _a"Mayibuye Books, University of the Western Cape" | ||
| 260 | _bMayibuye history & literature series ; no. 60 | ||
| 260 | _ccc1996 | ||
| 300 | _a"184 p. : ill., map ; 25 cm." | ||
| 999 |
_c16271 _d16271 |
||